000 00444nam a2200181Ia 4500
001 8093
005 20260306160543.0
008 260306t2001||||xx |||||||||||||| ||spa||
041 _aESP
082 _a370.1
_bP47
100 _aHeinrich Pestalozzi, Johann
_eAUT
245 0 _aLa velada de un solitario y otros escritos
260 _c2001
300 _a222 páginas :
_c22 cm.
650 _aGEN
654 _aCED
942 _cLIB
_dJUS
_fJUS
_2ddc
_n
999 _c8093
_d8093